Top 10 Most Populated Countries (2026) - Statistics

General Stats
  • This quiz has been taken 35 times
  • The average score is 7 of 10
Answer Stats
Rank Answer % Correct
2nd China
100%
1st India
100%
3rd United States
88%
5th Pakistan
77%
4th Indonesia
69%
7th Brazil
65%
6th Nigeria
65%
8th Bangladesh
46%
9th Russia
46%
10th Ethiopia
42%
No matching quizzes found
Score Distribution
Percent of People with Each Score
Percentile by Number Answered
Your Score History
You have not taken this quiz